000 00454nam a2200181Ia 4500
001 18083
005 20260306171604.0
008 260306s9999||||xx |||||||||||||| ||und||
041 _aESP
082 _a658.401
_bG83
100 _aGryna, Frank M.
_eAUT
245 0 _aMétodo Juran:
_banálisis y planeación de la calidad
260 _c2007
300 _axxvi, 773 páginas :
_c23 cm.
650 _aGEN
654 _aCAN
942 _cLIB
_dJUS
_fJUS
_2ddc
_n
999 _c18083
_d18083